[Event "DEM U18w 2024"]
[Site "Willingen GER"]
[Date "2024.05.23"]
[Round "7"]
[White "Schirmer, Sara"]
[Black "Schmidt, Luise"]
[Result "1-0"]
[Termination "normal"]
[Board "10"]
[WhiteElo "1638"]
[BlackElo "1666"]
[WhiteClock "00:45:05"]
[BlackClock "00:15:52"]
[PlyCount "35"]
[WhiteFideId "16297580"]
[BlackFideId "16294475"]
[EventCountry "GER"]
[EventRounds "9"]
[EventType "swiss"]
[EventDate "2024.05.18"]

1. e4 {[%clk 01:30:57]} {[%emt 00:00:03]} e5 {[%clk 01:30:56]} {[%emt
00:00:04]} 2. Nf3 {[%clk 01:31:24]} {[%emt 00:00:04]} Nc6 {[%clk 01:31:21]}
{[%emt 00:00:04]} 3. Bc4 {[%clk 01:31:50]} {[%emt 00:00:04]} Bc5 {[%clk
01:31:46]} {[%emt 00:00:06]} 4. d4 {[%clk 01:32:04]} {[%emt 00:00:15]} exd4
{[%clk 01:31:51]} {[%emt 00:00:26]} 5. O-O {[%clk 01:32:25]} {[%emt 00:00:09]}
Nf6 {[%clk 01:29:48]} {[%emt 00:02:33]} 6. e5 {[%clk 01:32:25]} {[%emt
00:00:30]} d5 {[%clk 01:29:38]} {[%emt 00:00:39]} 7. exf6 {[%clk 01:32:49]}
{[%emt 00:00:07]} dxc4 {[%clk 01:29:56]} {[%emt 00:00:12]} 8. fxg7 {[%clk
01:33:12]} {[%emt 00:00:07]} Rg8 {[%clk 01:29:57]} {[%emt 00:00:29]} 9. Bg5
{[%clk 01:33:18]} {[%emt 00:00:24]} Qd6 {[%clk 01:25:47]} {[%emt 00:04:39]} 10.
Nbd2 {[%clk 01:29:08]} {[%emt 00:04:41]} Qg6 {[%clk 01:08:36]} {[%emt
00:17:40]} 11. Re1+ {[%clk 01:24:20]} {[%emt 00:05:19]} Be6 {[%clk 01:06:43]}
{[%emt 00:02:22]} 12. Ne4 {[%clk 01:24:24]} {[%emt 00:00:26]} Qxg7 {[%clk
00:55:30]} {[%emt 00:11:44]} 13. Nxc5 {[%clk 01:06:25]} {[%emt 00:18:28]} Nd8
{[%clk 00:38:50]} {[%emt 00:17:10]} 14. g3 {[%clk 00:52:22]} {[%emt 00:14:33]}
b6 {[%clk 00:28:21]} {[%emt 00:10:59]} 15. Bxd8 {[%clk 00:48:59]} {[%emt
00:03:53]} bxc5 {[%clk 00:20:35]} {[%emt 00:08:15]} 16. Bxc7 {[%clk 00:49:14]}
{[%emt 00:00:16]} Kd7 {[%clk 00:20:18]} {[%emt 00:00:47]} 17. Be5 {[%clk
00:45:05]} {[%emt 00:04:39]} Qg4 {[%clk 00:15:52]} {[%emt 00:04:54]} 18. Bxd4
{[%emt 00:13:01]} 1-0

[Event "DEM U18w 2024"]
[Site "Willingen GER"]
[Date "2024.05.23"]
[Round "7"]
[White "Görlach, Hanna"]
[Black "Köpnick, Amanda"]
[Result "0-1"]
[Termination "normal"]
[Board "11"]
[WhiteElo "1578"]
[BlackElo "1636"]
[WhiteClock "00:12:37"]
[BlackClock "00:10:45"]
[PlyCount "142"]
[WhiteFideId "34675604"]
[BlackFideId "34618538"]
[EventCountry "GER"]
[EventRounds "9"]
[EventType "swiss"]
[EventDate "2024.05.18"]

1. c4 {[%clk 01:30:56]} {[%emt 00:00:04]} e5 {[%clk 01:30:44]} {[%emt
00:00:16]} 2. Nc3 {[%clk 01:30:54]} {[%emt 00:00:32]} Nc6 {[%clk 01:28:37]}
{[%emt 00:02:38]} 3. Nf3 {[%clk 01:29:23]} {[%emt 00:02:00]} d6 {[%clk
01:28:24]} {[%emt 00:00:43]} 4. d4 {[%clk 01:26:05]} {[%emt 00:03:48]} exd4
{[%clk 01:26:01]} {[%emt 00:02:53]} 5. Nxd4 {[%clk 01:26:25]} {[%emt 00:00:10]}
Nge7 {[%clk 01:24:14]} {[%emt 00:02:17]} 6. g3 {[%clk 01:23:08]} {[%emt
00:03:48]} Nxd4 {[%clk 01:20:34]} {[%emt 00:04:10]} 7. Qxd4 {[%clk 01:23:31]}
{[%emt 00:00:07]} Nc6 {[%clk 01:13:42]} {[%emt 00:07:21]} 8. Qd1 {[%clk
01:19:21]} {[%emt 00:04:39]} Be7 {[%clk 01:07:39]} {[%emt 00:06:34]} 9. Bg2
{[%clk 01:16:12]} {[%emt 00:03:39]} O-O {[%clk 01:07:52]} {[%emt 00:00:18]} 10.
O-O {[%clk 01:15:20]} {[%emt 00:01:22]} Ne5 {[%clk 01:06:17]} {[%emt 00:02:03]}
11. b3 {[%clk 01:10:26]} {[%emt 00:05:25]} c6 {[%clk 01:04:39]} {[%emt
00:02:08]} 12. Bf4 {[%clk 01:03:07]} {[%emt 00:07:48]} Ng6 {[%clk 01:02:45]}
{[%emt 00:02:24]} 13. Be3 {[%clk 01:00:35]} {[%emt 00:03:04]} Be6 {[%clk
00:58:23]} {[%emt 00:04:51]} 14. h3 {[%clk 00:49:29]} {[%emt 00:11:36]} Qd7
{[%clk 00:56:21]} {[%emt 00:02:32]} 15. Kh2 {[%clk 00:48:43]} {[%emt 00:01:16]}
f5 {[%clk 00:47:11]} {[%emt 00:09:40]} 16. f4 {[%clk 00:43:58]} {[%emt
00:05:16]} b6 {[%clk 00:38:35]} {[%emt 00:09:06]} 17. a4 {[%clk 00:25:40]}
{[%emt 00:18:48]} Rab8 {[%clk 00:32:24]} {[%emt 00:06:40]} 18. Rb1 {[%clk
00:23:03]} {[%emt 00:03:07]} Rfd8 {[%clk 00:27:46]} {[%emt 00:05:08]} 19. Qc2
{[%clk 00:19:38]} {[%emt 00:03:55]} Qe8 {[%clk 00:19:26]} {[%emt 00:08:50]} 20.
Rfd1 {[%clk 00:19:03]} {[%emt 00:01:05]} h5 {[%clk 00:18:13]} {[%emt 00:01:43]}
21. h4 {[%clk 00:18:10]} {[%emt 00:01:23]} Bf6 {[%clk 00:11:49]} {[%emt
00:06:54]} 22. Bd4 {[%clk 00:14:40]} {[%emt 00:04:00]} Bxd4 {[%clk 00:09:25]}
{[%emt 00:02:54]} 23. Rxd4 {[%clk 00:15:06]} {[%emt 00:00:04]} Nh8 {[%clk
00:08:20]} {[%emt 00:01:35]} 24. Rbd1 {[%clk 00:12:47]} {[%emt 00:02:50]} Nf7
{[%clk 00:08:06]} {[%emt 00:00:44]} 25. Bh3 {[%clk 00:10:44]} {[%emt 00:02:32]}
g6 {[%clk 00:06:54]} {[%emt 00:01:42]} 26. e4 {[%clk 00:08:07]} {[%emt
00:03:07]} c5 {[%clk 00:05:47]} {[%emt 00:01:38]} 27. R4d2 {[%clk 00:08:00]}
{[%emt 00:00:37]} fxe4 {[%clk 00:05:26]} {[%emt 00:00:50]} 28. Bxe6 {[%clk
00:08:20]} {[%emt 00:00:10]} Qxe6 {[%clk 00:05:02]} {[%emt 00:00:54]} 29. Qxe4
{[%clk 00:08:22]} {[%emt 00:00:28]} Re8 {[%clk 00:04:08]} {[%emt 00:01:25]} 30.
Qxe6 {[%clk 00:07:36]} {[%emt 00:01:16]} Rxe6 {[%clk 00:04:32]} {[%emt
00:00:06]} 31. Rd3 {[%clk 00:07:23]} {[%emt 00:00:43]} a6 {[%clk 00:03:38]}
{[%emt 00:01:23]} 32. Kg2 {[%clk 00:06:39]} {[%emt 00:01:14]} Kf8 {[%clk
00:03:11]} {[%emt 00:00:58]} 33. Kf3 {[%clk 00:06:56]} {[%emt 00:00:13]} Rc8
{[%clk 00:02:20]} {[%emt 00:01:21]} 34. Rc1 {[%clk 00:04:48]} {[%emt 00:02:37]}
Nd8 {[%clk 00:02:22]} {[%emt 00:00:27]} 35. Rcd1 {[%clk 00:04:11]} {[%emt
00:01:09]} Nf7 {[%clk 00:02:43]} {[%emt 00:00:09]} 36. Rc1 {[%clk 00:04:27]}
{[%emt 00:00:13]} Rb8 {[%clk 00:02:14]} {[%emt 00:01:00]} 37. Rcd1 {[%clk
00:04:33]} {[%emt 00:00:23]} Ke7 {[%clk 00:02:11]} {[%emt 00:00:33]} 38. Re3
{[%clk 00:04:35]} {[%emt 00:00:28]} Rxe3+ {[%clk 00:02:20]} {[%emt 00:00:22]}
39. Kxe3 {[%clk 00:05:01]} {[%emt 00:00:04]} Kd7 {[%clk 00:02:09]} {[%emt
00:00:40]} 40. Ne4 {[%clk 00:03:07]} {[%emt 00:02:24]} Re8 {[%clk 00:02:00]}
{[%emt 00:00:39]} 41. Kf3 {[%clk 00:03:15]} {[%emt 00:00:23]} Re6 {[%clk
00:01:28]} {[%emt 00:01:01]} 42. Rd5 {[%clk 00:02:02]} {[%emt 00:01:43]} Kc6
{[%clk 00:27:51]} {[%emt 00:04:07]} 43. f5 {[%clk 00:28:26]} {[%emt 00:04:07]}
gxf5 {[%clk 00:26:01]} {[%emt 00:02:20]} 44. Rxf5 {[%clk 00:28:46]} {[%emt
00:00:09]} Ne5+ {[%clk 00:24:57]} {[%emt 00:01:34]} 45. Ke3 {[%clk 00:25:57]}
{[%emt 00:03:19]} Ng4+ {[%clk 00:21:11]} {[%emt 00:04:16]} 46. Kf4 {[%clk
00:25:20]} {[%emt 00:01:06]} b5 {[%clk 00:18:22]} {[%emt 00:03:15]} 47. a5
{[%clk 00:22:46]} {[%emt 00:03:10]} bxc4 {[%clk 00:18:11]} {[%emt 00:00:41]}
48. bxc4 {[%clk 00:23:11]} {[%emt 00:00:05]} Re7 {[%clk 00:16:29]} {[%emt
00:02:11]} 49. Rxh5 {[%clk 00:19:12]} {[%emt 00:04:27]} Rxe4+ {[%clk 00:15:46]}
{[%emt 00:01:15]} 50. Kxe4 {[%clk 00:17:39]} {[%emt 00:02:03]} Nf6+ {[%clk
00:16:06]} {[%emt 00:00:10]} 51. Kf5 {[%clk 00:17:01]} {[%emt 00:01:09]} Nxh5
{[%clk 00:16:14]} {[%emt 00:00:21]} 52. g4 {[%clk 00:17:09]} {[%emt 00:00:23]}
Ng7+ {[%clk 00:15:44]} {[%emt 00:00:59]} 53. Kf6 {[%clk 00:17:04]} {[%emt
00:00:35]} d5 {[%clk 00:11:54]} {[%emt 00:04:20]} 54. cxd5+ {[%clk 00:15:32]}
{[%emt 00:02:02]} Kxd5 {[%clk 00:12:07]} {[%emt 00:00:17]} 55. Kxg7 {[%clk
00:15:10]} {[%emt 00:00:53]} c4 {[%clk 00:11:45]} {[%emt 00:00:52]} 56. h5
{[%clk 00:15:34]} {[%emt 00:00:05]} c3 {[%clk 00:12:04]} {[%emt 00:00:11]} 57.
h6 {[%clk 00:16:02]} {[%emt 00:00:02]} c2 {[%clk 00:12:29]} {[%emt 00:00:04]}
58. h7 {[%clk 00:16:30]} {[%emt 00:00:03]} c1=Q {[%clk 00:12:36]} {[%emt
00:00:22]} 59. h8=Q {[%clk 00:16:54]} {[%emt 00:00:06]} Qg5+ {[%clk 00:10:50]}
{[%emt 00:02:16]} 60. Kh7 {[%clk 00:12:21]} {[%emt 00:05:04]} Qh4+ {[%clk
00:10:04]} {[%emt 00:01:15]} 61. Kg7 {[%clk 00:11:40]} {[%emt 00:01:12]} Qxg4+
{[%clk 00:10:23]} {[%emt 00:00:11]} 62. Kf7 {[%clk 00:09:51]} {[%emt 00:02:12]}
Qe6+ {[%clk 00:10:17]} {[%emt 00:00:43]} 63. Kg7 {[%clk 00:09:14]} {[%emt
00:01:07]} Qe5+ {[%clk 00:10:33]} {[%emt 00:00:14]} 64. Kg8 {[%clk 00:09:39]}
{[%emt 00:00:05]} Qxh8+ {[%clk 00:10:44]} {[%emt 00:00:18]} 65. Kxh8 {[%clk
00:10:06]} {[%emt 00:00:04]} Kc5 {[%clk 00:11:07]} {[%emt 00:00:07]} 66. Kg7
{[%clk 00:10:31]} {[%emt 00:00:06]} Kb5 {[%clk 00:11:09]} {[%emt 00:00:27]} 67.
Kf6 {[%clk 00:10:58]} {[%emt 00:00:04]} Kxa5 {[%clk 00:11:04]} {[%emt
00:00:35]} 68. Ke5 {[%clk 00:11:24]} {[%emt 00:00:03]} Kb4 {[%clk 00:11:03]}
{[%emt 00:00:30]} 69. Kd4 {[%clk 00:11:50]} {[%emt 00:00:05]} a5 {[%clk
00:10:14]} {[%emt 00:01:19]} 70. Kd3 {[%clk 00:12:15]} {[%emt 00:00:04]} Kb3
{[%clk 00:10:32]} {[%emt 00:00:12]} 71. Kd2 {[%clk 00:12:37]} {[%emt 00:00:09]}
Kb2 {[%clk 00:10:45]} {[%emt 00:00:17]} 0-1

[Event "DEM U18w 2024"]
[Site "Willingen GER"]
[Date "2024.05.24"]
[Round "8"]
[White "Sereda, Yaroslava"]
[Black "Hubert, Charlotte"]
[Result "1-0"]
[Termination "normal"]
[Board "2"]
[WhiteElo "1925"]
[BlackElo "1893"]
[WhiteClock "00:03:24"]
[BlackClock "00:01:17"]
[PlyCount "67"]
[WhiteFideId "14178940"]
[BlackFideId "16265920"]
[EventCountry "GER"]
[EventRounds "9"]
[EventType "swiss"]
[EventDate "2024.05.18"]

1. e4 {[%clk 01:30:58]} {[%emt 00:00:02]} c5 {[%clk 01:30:54]} {[%emt
00:00:06]} 2. Nf3 {[%clk 01:31:21]} {[%emt 00:00:08]} d6 {[%clk 01:31:16]}
{[%emt 00:00:07]} 3. Bb5+ {[%clk 01:31:41]} {[%emt 00:00:11]} Nd7 {[%clk
01:31:31]} {[%emt 00:00:14]} 4. d4 {[%clk 01:31:19]} {[%emt 00:00:53]} cxd4
{[%clk 01:31:51]} {[%emt 00:00:08]} 5. Nxd4 {[%clk 01:31:43]} {[%emt 00:00:07]}
Ngf6 {[%clk 01:30:26]} {[%emt 00:01:55]} 6. O-O {[%clk 01:31:16]} {[%emt
00:00:58]} e6 {[%clk 01:27:13]} {[%emt 00:03:43]} 7. c4 {[%clk 01:14:34]}
{[%emt 00:17:12]} Be7 {[%clk 01:23:25]} {[%emt 00:04:18]} 8. Nc3 {[%clk
01:13:32]} {[%emt 00:01:32]} a6 {[%clk 01:21:08]} {[%emt 00:02:46]} 9. Ba4
{[%clk 01:10:43]} {[%emt 00:03:19]} O-O {[%clk 01:19:47]} {[%emt 00:01:51]} 10.
Qe2 {[%clk 01:05:48]} {[%emt 00:05:26]} Qc7 {[%clk 01:17:39]} {[%emt 00:02:37]}
11. Bd2 {[%clk 00:49:26]} {[%emt 00:16:53]} Ne5 {[%clk 01:12:15]} {[%emt
00:05:53]} 12. b3 {[%clk 00:47:30]} {[%emt 00:02:27]} d5 {[%clk 01:00:28]}
{[%emt 00:12:16]} 13. exd5 {[%clk 00:44:11]} {[%emt 00:03:49]} Bc5 {[%clk
00:58:13]} {[%emt 00:02:46]} 14. Nf3 {[%clk 00:38:57]} {[%emt 00:05:43]} Nxf3+
{[%clk 00:55:30]} {[%emt 00:03:13]} 15. Qxf3 {[%clk 00:39:17]} {[%emt
00:00:10]} Bd6 {[%clk 00:50:30]} {[%emt 00:05:30]} 16. h3 {[%clk 00:37:53]}
{[%emt 00:01:54]} exd5 {[%clk 00:50:24]} {[%emt 00:00:35]} 17. Nxd5 {[%clk
00:33:57]} {[%emt 00:04:27]} Nxd5 {[%clk 00:50:46]} {[%emt 00:00:08]} 18. Qxd5
{[%clk 00:32:57]} {[%emt 00:01:30]} Rd8 {[%clk 00:41:39]} {[%emt 00:09:37]} 19.
Qg5 {[%clk 00:30:51]} {[%emt 00:02:36]} h6 {[%clk 00:39:50]} {[%emt 00:02:19]}
20. Qe3 {[%clk 00:29:58]} {[%emt 00:01:23]} Bf5 {[%clk 00:39:39]} {[%emt
00:00:41]} 21. Qf3 {[%clk 00:22:01]} {[%emt 00:08:28]} Bd3 {[%clk 00:38:43]}
{[%emt 00:01:25]} 22. Rfc1 {[%clk 00:15:02]} {[%emt 00:07:29]} Be5 {[%clk
00:34:21]} {[%emt 00:04:52]} 23. Bc3 {[%clk 00:15:04]} {[%emt 00:00:28]} b5
{[%clk 00:33:59]} {[%emt 00:00:52]} 24. Bxe5 {[%clk 00:13:12]} {[%emt
00:02:23]} Qxe5 {[%clk 00:34:20]} {[%emt 00:00:09]} 25. Re1 {[%clk 00:12:48]}
{[%emt 00:00:53]} Qg5 {[%clk 00:17:39]} {[%emt 00:17:11]} 26. Rad1 {[%clk
00:08:52]} {[%emt 00:04:26]} Bg6 {[%clk 00:13:52]} {[%emt 00:04:17]} 27. h4
{[%clk 00:06:48]} {[%emt 00:02:34]} Qc5 {[%clk 00:13:11]} {[%emt 00:01:11]} 28.
cxb5 {[%clk 00:06:08]} {[%emt 00:01:10]} axb5 {[%clk 00:12:01]} {[%emt
00:01:40]} 29. b4 {[%clk 00:05:50]} {[%emt 00:00:48]} Qxb4 {[%clk 00:11:45]}
{[%emt 00:00:46]} 30. Bb3 {[%clk 00:06:09]} {[%emt 00:00:11]} Qxh4 {[%clk
00:11:08]} {[%emt 00:01:08]} 31. Qc6 {[%clk 00:05:44]} {[%emt 00:00:54]} Qg5
{[%clk 00:06:52]} {[%emt 00:04:46]} 32. Rd5 {[%clk 00:03:24]} {[%emt 00:02:50]}
Rxd5 {[%clk 00:05:37]} {[%emt 00:01:44]} 33. Bxd5 {[%clk 00:03:07]} {[%emt
00:00:48]} Qd8 {[%clk 00:01:17]} {[%emt 00:04:50]} 34. Qxa8 {[%clk 00:03:24]}
{[%emt 00:00:13]} 1-0

[Event "DEM U18w 2024"]
[Site "Willingen GER"]
[Date "2024.05.24"]
[Round "8"]
[White "Buchholz, Maja Patricia"]
[Black "Stelter, Finja"]
[Result "1-0"]
[Termination "normal"]
[Board "3"]
[WhiteElo "2030"]
[BlackElo "1637"]
[WhiteClock "00:18:35"]
[BlackClock "00:28:14"]
[PlyCount "100"]
[WhiteFideId "16200500"]
[BlackFideId "16298624"]
[EventCountry "GER"]
[EventRounds "9"]
[EventType "swiss"]
[EventDate "2024.05.18"]

1. e4 {[%clk 01:30:55]} {[%emt 00:00:05]} c5 {[%clk 01:30:40]} {[%emt
00:00:20]} 2. b3 {[%clk 01:31:15]} {[%emt 00:00:10]} Nc6 {[%clk 01:30:40]}
{[%emt 00:00:30]} 3. Bb2 {[%clk 01:31:04]} {[%emt 00:00:41]} Nf6 {[%clk
01:30:17]} {[%emt 00:00:53]} 4. e5 {[%clk 01:27:22]} {[%emt 00:04:12]} Nd5
{[%clk 01:29:01]} {[%emt 00:01:46]} 5. Bc4 {[%clk 01:24:18]} {[%emt 00:03:35]}
Nb6 {[%clk 01:27:01]} {[%emt 00:02:30]} 6. Bb5 {[%clk 01:22:47]} {[%emt
00:02:00]} d6 {[%clk 01:19:47]} {[%emt 00:07:44]} 7. Nf3 {[%clk 01:16:36]}
{[%emt 00:06:41]} Bd7 {[%clk 01:16:23]} {[%emt 00:03:55]} 8. exd6 {[%clk
01:12:05]} {[%emt 00:05:01]} exd6 {[%clk 01:15:14]} {[%emt 00:01:38]} 9. O-O
{[%clk 01:11:06]} {[%emt 00:01:28]} Be7 {[%clk 01:08:27]} {[%emt 00:07:18]} 10.
Bxg7 {[%clk 01:10:41]} {[%emt 00:00:55]} Rg8 {[%clk 01:08:44]} {[%emt
00:00:13]} 11. Bb2 {[%clk 01:10:35]} {[%emt 00:00:36]} Bh3 {[%clk 01:05:42]}
{[%emt 00:03:32]} 12. Ne1 {[%clk 01:10:16]} {[%emt 00:00:48]} Qd7 {[%clk
00:58:33]} {[%emt 00:07:40]} 13. Kh1 {[%clk 01:02:41]} {[%emt 00:08:06]} a6
{[%clk 00:34:37]} {[%emt 00:24:25]} 14. Bd3 {[%clk 00:59:04]} {[%emt 00:04:06]}
Bf5 {[%clk 00:34:31]} {[%emt 00:00:37]} 15. a4 {[%clk 00:53:13]} {[%emt
00:06:22]} Ne5 {[%clk 00:28:08]} {[%emt 00:06:52]} 16. Bxf5 {[%clk 00:50:33]}
{[%emt 00:03:11]} Qxf5 {[%clk 00:27:29]} {[%emt 00:01:08]} 17. Nc3 {[%clk
00:46:45]} {[%emt 00:04:18]} O-O-O {[%clk 00:20:38]} {[%emt 00:07:21]} 18. a5
{[%clk 00:44:24]} {[%emt 00:02:51]} Nbd7 {[%clk 00:20:29]} {[%emt 00:00:40]}
19. Nd5 {[%clk 00:30:02]} {[%emt 00:14:51]} Rde8 {[%clk 00:18:46]} {[%emt
00:02:12]} 20. Nxe7+ {[%clk 00:28:40]} {[%emt 00:01:53]} Rxe7 {[%clk 00:19:02]}
{[%emt 00:00:14]} 21. d4 {[%clk 00:27:45]} {[%emt 00:01:26]} Ng4 {[%clk
00:18:11]} {[%emt 00:01:20]} 22. Nf3 {[%clk 00:27:39]} {[%emt 00:00:36]} Ndf6
{[%clk 00:15:29]} {[%emt 00:03:12]} 23. h3 {[%clk 00:26:10]} {[%emt 00:01:58]}
Nh6 {[%clk 00:12:26]} {[%emt 00:03:34]} 24. dxc5 {[%clk 00:25:10]} {[%emt
00:01:30]} dxc5 {[%clk 00:12:11]} {[%emt 00:00:45]} 25. Qd2 {[%clk 00:24:02]}
{[%emt 00:01:38]} Qg6 {[%clk 00:11:08]} {[%emt 00:01:33]} 26. Nh4 {[%clk
00:22:35]} {[%emt 00:01:57]} Qg7 {[%clk 00:09:22]} {[%emt 00:02:16]} 27. Qd6
{[%clk 00:18:26]} {[%emt 00:04:39]} Re6 {[%clk 00:09:19]} {[%emt 00:00:33]} 28.
Qxc5+ {[%clk 00:18:47]} {[%emt 00:00:09]} Rc6 {[%clk 00:09:17]} {[%emt
00:00:31]} 29. Qe5 {[%clk 00:18:18]} {[%emt 00:00:59]} Qg5 {[%clk 00:06:02]}
{[%emt 00:03:45]} 30. Qxg5 {[%clk 00:17:14]} {[%emt 00:01:35]} Rxg5 {[%clk
00:06:29]} {[%emt 00:00:02]} 31. Nf3 {[%clk 00:17:26]} {[%emt 00:00:18]} Rd5
{[%clk 00:05:50]} {[%emt 00:01:08]} 32. c4 {[%clk 00:15:45]} {[%emt 00:02:13]}
Rd8 {[%clk 00:04:19]} {[%emt 00:02:02]} 33. Rfe1 {[%clk 00:13:33]} {[%emt
00:02:41]} Nd7 {[%clk 00:03:12]} {[%emt 00:01:36]} 34. Rad1 {[%clk 00:09:47]}
{[%emt 00:04:16]} Nc5 {[%clk 00:02:33]} {[%emt 00:01:10]} 35. Rxd8+ {[%clk
00:06:38]} {[%emt 00:03:39]} Kxd8 {[%clk 00:02:49]} {[%emt 00:00:14]} 36. Nd4
{[%clk 00:05:52]} {[%emt 00:01:16]} Rf6 {[%clk 00:02:30]} {[%emt 00:00:49]} 37.
Ba3 {[%clk 00:03:51]} {[%emt 00:02:31]} Nd3 {[%clk 00:02:11]} {[%emt 00:00:48]}
38. Be7+ {[%clk 00:04:02]} {[%emt 00:00:19]} Kc8 {[%clk 00:02:28]} {[%emt
00:00:14]} 39. Bxf6 {[%clk 00:04:15]} {[%emt 00:00:17]} Nxe1 {[%clk 00:02:50]}
{[%emt 00:00:08]} 40. Bg5 {[%clk 00:03:51]} {[%emt 00:00:54]} Ng8 {[%clk
00:02:51]} {[%emt 00:00:29]} 41. Kg1 {[%clk 00:03:30]} {[%emt 00:00:51]} f6
{[%clk 00:02:26]} {[%emt 00:00:55]} 42. Bh4 {[%clk 00:03:11]} {[%emt 00:00:48]}
Nd3 {[%clk 00:01:35]} {[%emt 00:01:21]} 43. Kf1 {[%clk 00:01:55]} {[%emt
00:01:46]} Kd7 {[%clk 00:01:00]} {[%emt 00:01:06]} 44. Ke2 {[%clk 00:01:32]}
{[%emt 00:00:53]} Nf4+ {[%clk 00:30:15]} {[%emt 00:01:15]} 45. Kf3 {[%clk
00:31:56]} {[%emt 00:00:06]} Ne6 {[%clk 00:30:21]} {[%emt 00:00:23]} 46. Nc2
{[%clk 00:30:40]} {[%emt 00:01:47]} Ng5+ {[%clk 00:29:14]} {[%emt 00:01:37]}
47. Bxg5 {[%clk 00:18:02]} {[%emt 00:13:07]} fxg5 {[%clk 00:29:32]} {[%emt
00:00:12]} 48. Kg4 {[%clk 00:18:29]} {[%emt 00:00:04]} h6 {[%clk 00:29:43]}
{[%emt 00:00:19]} 49. Kh5 {[%clk 00:18:26]} {[%emt 00:00:33]} Kd6 {[%clk
00:28:14]} {[%emt 00:01:59]} 50. Kg6 {[%clk 00:18:35]} {[%emt 00:00:21]} 1-0